000 01488nam a2200229Ia 4500
008 220216s9999 xx 000 0 und d
100 _aJoseph T
245 2 _aA comparative analysis of commercial yield performance of Hevea clones in India
260 _bIndian Journal of Natural Rubber Research
_c1997
300 _a14-Jun
520 _aThe study analysed the comparative commercial yield performance and related aspects of 19 Hevea clones during the first ten years of tapping based on information on 467 fields, in the estate sector, with an area of 6881.24 ha. The analysis covered comparison of yield per ha, yield per tree, share of field coagulum (FC), tappable stand, tapping intensity, season-wise yield composition and a comparison of yield rates of India with those of Malaysia. The clone RRII 105 was found to be the highest yielding and reported relatively lower FC, higher tappable stand and lower tapping intensity. The RRIM clones other than RRIM 600 were low yielding showed diverse trends but among them PB 28/59, PB 260 and PB 217 were found to be high yielding ones. For the eight clones compared, the commercial yield in Malaysia were found to be higher than those in India.
650 _aClone evaluation
650 _aCommercial yield
650 _aField coagulum
650 _aNatural rubber
650 _aPlanting material
650 _aTapping intensity
700 _aChandy B
700 _aLekshmi S
700 _aViswanathan P K
942 _cJS
999 _c53287
_d53287